<?xml version="1.0" encoding="UTF-8"?>
<collection xmlns="http://www.loc.gov/MARC21/slim">
<record>
  <controlfield tag="001">2934</controlfield>
  <controlfield tag="005">20160919145259.0</controlfield>
  <datafield tag="037" ind1=" " ind2=" ">
    <subfield code="a">OUTRART-2016-0009</subfield>
  </datafield>
  <datafield tag="100" ind1=" " ind2=" ">
    <subfield code="a">Van Camp, M.</subfield>
  </datafield>
  <datafield tag="245" ind1=" " ind2=" ">
    <subfield code="a">Les supporters belges ont fait trembler la Terre lors de Belgique-USA</subfield>
  </datafield>
  <datafield tag="260" ind1=" " ind2=" ">
    <subfield code="c">2014</subfield>
  </datafield>
  <datafield tag="520" ind1=" " ind2=" ">
    <subfield code="a">La ferveur Diables Rouges, qui s'est emparée de tout le pays ces dernières semaines, en a surpris plus d'un: chaque match a été suivi par plusieurs millions de téléspectateurs, des centaines de milliers de supporters ont suivi la compétition sur des écrans géants, et c'est le plat pays tout entier qui était noir, jaune, rouge durant ce quelques jours de "fête" du ballon rond.</subfield>
  </datafield>
  <datafield tag="594" ind1=" " ind2=" ">
    <subfield code="a">NO</subfield>
  </datafield>
  <datafield tag="773" ind1=" " ind2=" ">
    <subfield code="p">La Libre</subfield>
    <subfield code="v">14/07/2014</subfield>
    <subfield code="y">2014</subfield>
  </datafield>
  <datafield tag="856" ind1="0" ind2=" ">
    <subfield code="f">michel.vancamp@observatoire.be</subfield>
  </datafield>
  <datafield tag="980" ind1=" " ind2=" ">
    <subfield code="a">OUTRART</subfield>
  </datafield>
</record>
</collection>